000
00295nam a22001337a 4500
008
210707s2003 xx 000 0 und d
041
_a
eng
082
_a
052 SW
100
_a
Sharma, Poonam
245
_a
Social Welfare
260
_c
2003
650
_a
Social Welfare
650
_a
Social Work
999
_c
179625
_d
179625